| 000 -LEADER |
| fixed length control field |
00630cam a2200205 a 4500 |
| 001 - CONTROL NUMBER |
| control field |
6222 |
| 003 - CONTROL NUMBER IDENTIFIER |
| control field |
BD-DhUAP |
| 005 - DATE AND TIME OF LATEST TRANSACTION |
| control field |
20200315161303.0 |
| 008 - FIXED-LENGTH DATA ELEMENTS--GENERAL INFORMATION |
| fixed length control field |
200315t19961988si b 000 0 eng |
| 020 ## - INTERNATIONAL STANDARD BOOK NUMBER |
| International Standard Book Number |
9810137133 |
| 040 ## - CATALOGING SOURCE |
| Original cataloging agency |
DLC |
| Transcribing agency |
DLC |
| Language of cataloging |
Eng |
| Modifying agency |
BD-DhUAP |
| 082 ## - DEWEY DECIMAL CLASSIFICATION NUMBER |
| Edition number |
23 |
| Classification number |
428.3 TIM |
| 245 00 - TITLE STATEMENT |
| Title |
Times dictionary of problem words / |
| Statement of responsibility, etc. |
Compiled by George Jenkins ; edited by Betty Kirkpatrick. |
| 260 ## - PUBLICATION, DISTRIBUTION, ETC. |
| Place of publication, distribution, etc. |
Singapore : |
| Name of publisher, distributor, etc. |
Federal publications, |
| Date of publication, distribution, etc. |
c1988 [Reprinted 1996]. |
| 300 ## - PHYSICAL DESCRIPTION |
| Extent |
iv, 236 pages ; |
| Dimensions |
18 cm. |
| 650 ## - SUBJECT ADDED ENTRY--TOPICAL TERM |
| Topical term or geographic name entry element |
English language |
| General subdivision |
Usage. |
| 700 ## - ADDED ENTRY--PERSONAL NAME |
| Personal name |
Jenkins, George. |
| 700 ## - ADDED ENTRY--PERSONAL NAME |
| Personal name |
Kirkpatrick, Betty. |
| 942 ## - ADDED ENTRY ELEMENTS (KOHA) |
| Source of classification or shelving scheme |
|
| Koha item type |
Book |